Ancient History Quiz #1 - Statistics

General Stats
  • This quiz has been taken 90 times
  • The average score is 8 of 15
Answer Stats
Question Answer % Correct
What animal did Hannibal lead across the Alps in 281BC? War elephants
83%
What did Octavian change his name to? Augustus
81%
What Greek island was the Minotaur's labyrinth on? Crete
78%
Who led the 300 Spartan soldiers at Thermopylae? Leonidas
78%
Who, in ancient Greek mythology, fell in love with his reflection? Narcissus
72%
What Christian holiday has links to the Roman Saturnalia? Christmas
69%
Where, on a modern map, is Carthage? Tunisia
67%
Where in Athens is the Parthenon? Acropolis
58%
What is the Roman name for a sword? Gladius
42%
What did Athena give to the people of Athens to become their city's goddess? Olive tree
39%
Who was the Greek god of horses, among other things? Poseidon
39%
Which Roman god is the mother of Aeneas? Venus
36%
Who did Heracles capture in his last labour? Cerberus
32%
Which ancient Greek hero invented wrestling (or reformed the technique)? Theseus
21%
What was a Roman military tactic using shields to make a turtle-like shell? Testudo
19%
No matching quizzes found
Score Distribution
Percent of People with Each Score
Percentile by Number Answered
Your Score History
You have not taken this quiz